It looks like you're offline.
Open Library logo
additional options menu

MARC Record from Library of Congress

Record ID marc_loc_2016/BooksAll.2016.part27.utf8:25119809:785
Source Library of Congress
Download Link /show-records/marc_loc_2016/BooksAll.2016.part27.utf8:25119809:785?format=raw

LEADER: 00785pam a2200229 a 4500
001 98031555
003 DLC
005 20040331162037.0
008 980922s1998 kyua 000 0 eng
010 $a 98031555
020 $a1578950694
040 $aDLC$cDLC$dDLC
050 00 $aBT155$b.R64 1998
082 00 $a253/.7$221
100 1 $aRoller, Patricia Kay.
245 10 $aGrand friends, young friends :$ba mentoring program for older adults and older children : leader's guide /$cPat Roller.
250 $a1st ed.
260 $aLouisville, Ky. :$bBridge Resources,$cc1999.
300 $a19 p. :$bill. ;$c29 cm.
650 0 $aCovenants$xReligious aspects$xChristianity.
650 0 $aChildren and older people$xReligious aspects$xChristianity.
650 0 $aIntergenerational Christian education.